000
00291nam a22001217a 4500
008
170504b xxu||||| |||| 00| 0 eng d
041
_a
eng
080
_a
347
100
_a
14
101
_a
SHJ
245
_a
DEKLARATA UNIVERSALE MBI TE DREJTAT NJERIUT
_c
ALFREDSON.G
942
_2
udc
_c
BK
999
_c
12711
_d
12711